000 00312nam a22001337a 4500
008 170703b xxu||||| |||| 00| 0 eng d
020 _a9780226104034
041 _aeng
080 _215 ED
_a82
100 _a22
101 _aGJL
245 _aTHE CHICACGO MANUAL OF STYLE
_cDUFFY.P.B
942 _2udc
_cBK
999 _c19844
_d19844